Las claves del arte abstracto
Saved in:
| Hovedforfatter: | |
|---|---|
| Format: | Bog |
| Sprog: | spansk |
| Udgivet: |
Barcelona
Planeta
1990
|
| Serier: | Colección Las Claves del Arte. Serie Estilos, 21
|
| Fag: | |
| Tags: |
Tilføj Tag
Ingen Tags, Vær først til at tagge denne postø!
|
MARC
| LEADER | 00000nam a2200000 a 4500 | ||
|---|---|---|---|
| 001 | UCX6313 | ||
| 003 | CL-VaPUC | ||
| 008 | 930514e19900000SP |||||||||||||||||spa|d | ||
| 082 | 0 | 4 | |a 709.04052 |b LOZ |2 21 |
| 100 | |a Lozano Bartolozzi, María del Mar |e autora |9 499758 | ||
| 245 | 1 | 4 | |a Las claves del arte abstracto |
| 300 | |a 78 p | ||
| 942 | |c BK | ||
| 945 | |d 19930514 00:00:00 | ||
| 260 | |a Barcelona |b Planeta |c 1990 | ||
| 650 | 0 | |a Arte abstracto |9 265105 | |
| 583 | |a last modification |c 19930514 00:00:00 |k Rodrigo Vera | ||
| 490 | 0 | |a Colección Las Claves del Arte. Serie Estilos, 21 | |
| 999 | |c 226347 |d 226345 | ||
| 952 | |0 0 |1 0 |4 0 |6 709_040520000000000_LOZ_1990 |7 0 |8 A |9 224628 |a BIBHIS |b BIBHIS |d 2019-11-15 |i 2934051 |o 709.04052 LOZ 1990 |p 2934051 |r 2025-01-20 |w 2019-11-15 |y BK |k HIS | ||